Language Quiz

Random Language or Spanish Quiz

Disney Movies in Spanish Quiz Stats

 Plays Quiz Updated Mar 26, 2019

Score 0/25 Timer 04:00
4 Plays Today
% Correct
Pinocchio
95.1%
One Hundred and One Dalmatians
94.9%
The Incredibles
94.7%
Finding Dory
94.6%
Ralph Breaks the Internet
94.6%
The Hunchback of Notre Dame
93.8%
The Aristocats
93.4%
Beauty and the Beast
93%
Alice in Wonderland
92.9%
The Emperor's New Groove
91.2%
The Great Mouse Detective
91%
The Lion King
89.3%
Snow White and the Seven Dwarfs
86%
% Correct
The Princess and the Frog
84.7%
The Rescuers Down Under
82.7%
The Black Cauldron
81%
Lady and the Tramp
79.1%
Sleeping Beauty
78%
The Sword in the Stone
77.6%
Moana
77%
The Jungle Book
75.1%
Tangled
72.1%
Cinderella
71.6%
A Bug's Life
67.3%
The Little Mermaid
67.2%

You're not logged in!

Compare scores with friends on all Sporcle quizzes.
OR
Log In

Sporcle TV

Today on Sporcle TV


Watch our educational content, quiz creation guides, and fun videos on Sporcle TV.

Show Comments

Extras

Top Quizzes Today


Score Distribution

Your Account Isn't Verified!

In order to create a playlist on Sporcle, you need to verify the email address you used during registration. Go to your Sporcle Settings to finish the process.

Report this User

Report this user for behavior that violates our Community Guidelines.

Details: